Kraje graniczące z krajami graniczącymi z Polską - Statystyki

Ogólne statystyki
  • Ten quiz został rozwiązany 829 razy
  • Średni wynik to 46 z 55
Statystyki odpowiedzi
Hint Odpowiedź % Poprawnych
Litwa Łotwa
93%
Białoruś Łotwa
93%
Rosja Łotwa
93%
Rosja
93%
Litwa Rosja
93%
Białoruś Rosja
93%
Ukraina Rosja
93%
Niemcy Austria
92%
Słowacja Austria
92%
Czechy Austria
92%
Niemcy Francja
92%
Czechy
91%
Niemcy Czechy
91%
Słowacja Czechy
91%
Niemcy
91%
Czechy Niemcy
91%
Litwa
90%
Białoruś Litwa
90%
Rosja Litwa
90%
Słowacja
90%
Ukraina Słowacja
90%
Czechy Słowacja
90%
Ukraina
90%
Białoruś Ukraina
90%
Rosja Ukraina
90%
Słowacja Ukraina
90%
Ukraina Węgry
90%
Słowacja Węgry
90%
Białoruś
89%
Litwa Białoruś
89%
Ukraina Białoruś
89%
Rosja Białoruś
89%
Niemcy Belgia
88%
Niemcy Holandia
88%
Rosja Estonia
85%
Rosja Chiny
84%
Ukraina Rumunia
84%
Niemcy Dania
83%
Niemcy Szwajcaria
82%
Rosja Kazachstan
81%
Niemcy Luksemburg
81%
Ukraina Mołdawia
81%
Rosja Mongolia
77%
Rosja Finlandia
73%
Rosja Gruzja
71%
Litwa Polska
68%
Białoruś Polska
68%
Ukraina Polska
68%
Rosja Polska
68%
Niemcy Polska
68%
Słowacja Polska
68%
Czechy Polska
68%
Rosja Korea Północna
64%
Rosja Azerbejdżan
62%
Rosja Norwegia
54%
Nie znaleziono quizów pasujących do podanych kryteriów
Rozkład punktacji
Procent ludzi z każdym wynikiem
Percentyl według liczby udzielonych odpowiedzi
Twoja historia wyników
Nie rozwiązałeś tego quizu